[Event "AUT-ch U12 Girls"]
[Site "Feldkirchen"]
[Date "1998.??.??"]
[Round "1"]
[White "Dorrek, Veronika"]
[Black "Gattringer, Magdalena"]
[Result "1-0"]
[WhiteElo "1462"]
[BlackElo "1375"]
[PlyCount "75"]
[EventDate "1998.05.30"]
[EventType "swiss"]
[EventRounds "7"]
[EventCountry "AUT"]
[SourceTitle "EXT 2000"]
[Source "ChessBase"]
[SourceDate "1999.11.16"]
[SourceVersion "1"]
[SourceVersionDate "1999.11.16"]
[SourceQuality "1"]

1. e4 e5 2. Nf3 Nc6 3. Bb5 d6 4. 0-0 Nf6 5. d3 a6 6. Ba4 b5 7. Bb3 Qe7 8. Nc3 Nd4 9. Nxd4 exd4 10. Nd5 Nxd5 11. Bxd5 Qh4 12. Qf3 Be7 13. Qxf7+ Kd8 14. Bxa8 Bd7 15. Qxg7 Rf8 16. Qxd4 Bf6 17. Qe3 Rg8 18. Bd5 Rg6 19. Qf4 Bg4 20. c3 Be5 21. Qf8+ Kd7 22. Qf7+ Kc8 23. Qe8+ Qd8 24. Qxd8+ Kxd8 25. Re1 Bf6 26. f4 h5 27. Kf2 h4 28. Rg1 Rh6 29. f5 h3 30. Bxh6 Be5 31. gxh3 Bxh3 32. Rg8+ Ke7 33. Bg5+ Bf6 34. Rg7+ Kf8 35. Bxf6 Ke8 36. Rag1 c5 37. Re7+ Kd8 38. Rg8# 1-0

[Event "AUT-ch U12 Girls"]
[Site "Feldkirchen"]
[Date "1998.??.??"]
[Round "7"]
[White "Gattringer, Magdalena"]
[Black "Gaberscik, Ruth"]
[Result "0-1"]
[WhiteElo "1375"]
[BlackElo "1395"]
[PlyCount "66"]
[EventDate "1998.05.30"]
[EventType "swiss"]
[EventRounds "7"]
[EventCountry "AUT"]
[SourceTitle "EXT 2000"]
[Source "ChessBase"]
[SourceDate "1999.11.16"]
[SourceVersion "1"]
[SourceVersionDate "1999.11.16"]
[SourceQuality "1"]

1. e4 c5 2. Nf3 Nc6 3. Bc4 e6 4. 0-0 d5 5. Bd3 c4 6. Be2 b5 7. d3 g6 8. Bg5 Nge7 9. Bf6 Rg8 10. Ng5 h5 11. Qd2 Bh6 12. Qf4 b4 13. g4 Bxg5 14. Qxg5 hxg4 15. Bxg4 Qd6 16. Nd2 Bb7 17. Nf3 0-0-0 18. Ne5 Nxe5 19. Bxe5 Qd7 20. b3 dxe4 21. Qe3 exd3 22. Qxa7 Nc6 23. Qc5 f5 24. Bf4 fxg4 25. bxc4 d2 26. Rfd1 Qd4 27. Be3 Qxc5 28. Bxc5 Nd4 29. Bxb4 Nxc2 30. Rab1 Nxb4 31. Rxb4 Bf3 32. Rdb1 d1Q+ 33. Rxd1 Rxd1# 0-1

[Event "AUT-ch U12 Girls"]
[Site "Feldkirchen"]
[Date "1998.??.??"]
[Round "6"]
[White "Gattringer, Magdalena"]
[Black "Pittnauer, Eva"]
[Result "1-0"]
[WhiteElo "1375"]
[BlackElo "1200"]
[PlyCount "83"]
[EventDate "1998.05.30"]
[EventType "swiss"]
[EventRounds "7"]
[EventCountry "AUT"]
[SourceTitle "EXT 2000"]
[Source "ChessBase"]
[SourceDate "1999.11.16"]
[SourceVersion "1"]
[SourceVersionDate "1999.11.16"]
[SourceQuality "1"]

1. e4 e5 2. Nf3 Nc6 3. Bc4 Nf6 4. Nc3 Bc5 5. Qe2 0-0 6. 0-0 d6 7. d3 Bg4 8. Bd5 Nxd5 9. Nxd5 Nd4 10. Qd1 Bxf3 11. gxf3 c6 12. Ne3 Re8 13. Ng4 h6 14. Be3 Re6 15. Kh1 h5 16. Rg1 hxg4 17. fxg4 Rf6 18. Rg3 Kf8 19. Bg5 Nb5 20. Rf3 Bd4 21. Bxf6 gxf6 22. Rh3 Ke7 23. Qd2 Qg8 24. Rg1 Qg7 25. g5 Rg8 26. Rhg3 Bxb2 27. gxf6+ Qxf6 28. Rxg8 Bc3 29. Qe3 Bd4 30. Qg3 a5 31. Rb8 a4 32. Qg8 Qxf2 33. Rg7 Qf1+ 34. Rg1 Bxg1 35. Qxg1 Qf3+ 36. Qg2 Qd1+ 37. Qg1 Qxc2 38. h4 Qxa2 39. Qg5+ f6 40. Qg6 Qb1+ 41. Kg2 a3 42. Qe8# 1-0

[Event "AUT-ch U12 Girls"]
[Site "Feldkirchen"]
[Date "1998.??.??"]
[Round "2"]
[White "Klinkan, Elisabeth"]
[Black "Gattringer, Magdalena"]
[Result "1-0"]
[WhiteElo "1435"]
[BlackElo "1375"]
[PlyCount "51"]
[EventDate "1998.05.30"]
[EventType "swiss"]
[EventRounds "7"]
[EventCountry "AUT"]
[SourceTitle "EXT 2000"]
[Source "ChessBase"]
[SourceDate "1999.11.16"]
[SourceVersion "1"]
[SourceVersionDate "1999.11.16"]
[SourceQuality "1"]

1. Nf3 d5 2. d4 Nf6 3. Bf4 Ne4 4. Nbd2 Nd6 5. e3 Bf5 6. Be2 Nc6 7. a3 Qd7 8. 0-0 h6 9. c4 Rg8 10. cxd5 g5 11. dxc6 bxc6 12. Bg3 Qe6 13. Qc1 Qg6 14. Ne5 Qg7 15. Qxc6+ Kd8 16. Qxa8+ Nc8 17. Ba6 f6 18. Nc6+ Ke8 19. Bxc8 Bxc8 20. Qxc8+ Kf7 21. Qf5 e6 22. Nd8+ Ke7 23. Nxe6 Qf7 24. Nxc7 Rg6 25. Nd5+ Ke8 26. Qc8# 1-0